The church in mission. (Record no. 9063)

000 -LEADER
fixed length control field 00585nam a2200193 a 4500
001 - CONTROL NUMBER
control field :::00006844$&:&@@
003 - CONTROL NUMBER IDENTIFIER
control field OkBaRHE
005 - DATE AND TIME OF LATEST TRANSACTION
control field 20000607103333.0
008 - FIXED-LENGTH DATA ELEMENTS--GENERAL INFORMATION
fixed length control field s1986 j 000 0 eng u
020 ## - INTERNATIONAL STANDARD BOOK NUMBER
International Standard Book Number 0882438034 (pbk.)
040 ## - CATALOGING SOURCE
Transcribing agency
100 1# - MAIN ENTRY--PERSONAL NAME
Personal name Martin, William, 1950-
245 14 - TITLE STATEMENT
Title The church in mission.
260 ## - PUBLICATION, DISTRIBUTION, ETC. (IMPRINT)
Place of publication, distribution, etc Springfield, MO., :
Name of publisher, distributor, etc Gospel Publishing House
Date of publication, distribution, etc c1986
300 ## - PHYSICAL DESCRIPTION
Extent 128 p. ;
Dimensions 20 cm.
650 ## - SUBJECT ADDED ENTRY--TOPICAL TERM
Topical term or geographic name as entry element Mission of the Church
942 ## - ADDED ENTRY ELEMENTS (KOHA)
Source of classification or shelving scheme
Koha item type Books
Copies
Price effective from Barcode Damaged status Date acquired Lost status Permanent Location Source of classification or shelving scheme Date last seen Koha item type Full call number Not for loan Copy number Withdrawn status Shelving location
2010-04-146844 2010-04-14 RHEMA Bible Training College 2010-04-14BooksBV 601.8 .M34 1 General Stacks